ՀՀ Գիտությունների ազգային ակադեմիայի հիմնարար գիտական գրադարան  =   Fundamental Scientific Library of NAS RA

Պեպո : (Record no. 461667)

MARC details
000 -LEADER
fixed length control field 00981nam a2200241 a 4500
001 - CONTROL NUMBER
control field 000242461
003 - CONTROL NUMBER IDENTIFIER
control field AM-YEHGA
005 - DATE AND TIME OF LATEST TRANSACTION
control field 20250618075419.0
008 - FIXED-LENGTH DATA ELEMENTS--GENERAL INFORMATION
fixed length control field 030702s1950 ai r 000 0 arm d
040 ## - CATALOGING SOURCE
Original cataloging agency AM-YeHGA
041 0# - LANGUAGE CODE
Language code of text/sound track or separate title arm
090 ## - LOCALLY ASSIGNED LC-TYPE CALL NUMBER (OCLC); LOCAL CALL NUMBER (RLIN)
-- 464808
100 1# - MAIN ENTRY--PERSONAL NAME
Personal name Սունդուկյան, Գաբրիել Մկրտումի,
Dates associated with a name 1825-1912
9 (RLIN) 1589
245 10 - TITLE STATEMENT
Title Պեպո :
Remainder of title Կատակերգ. 3-ք արարվածով /
Statement of responsibility, etc. Գ. Սունդուկյան; Խմբ.՝ Ռ. Զարյան; Առաջաբ.՝ Եղ. Պետրոսյան.
246 15 - VARYING FORM OF TITLE
Title proper/short title Пэпо
260 ## - PUBLICATION, DISTRIBUTION, ETC.
Place of publication, distribution, etc. Երևան :
Name of publisher, distributor, etc. Հայպետհրատ,
Date of publication, distribution, etc. 1950.
300 ## - PHYSICAL DESCRIPTION
Extent 164 էջ :
Other physical details նկ. ;
Dimensions 23 սմ.
500 ## - GENERAL NOTE
General note Ծանոթագր., էջ՝ 153-163
650 14 - SUBJECT ADDED ENTRY--TOPICAL TERM
Topical term or geographic name entry element Հայ գրականություն
General subdivision Թատերգություն
700 1# - ADDED ENTRY--PERSONAL NAME
Personal name Զարյան, Ռուբեն Վարոսի,
Dates associated with a name 1909-1994
Relator term խմբ.
Relationship edt
9 (RLIN) 1691
700 1# - ADDED ENTRY--PERSONAL NAME
Personal name Պետրոսյան, Եղիշե Մանուկի,
Dates associated with a name 1912-1982
Relator term առաջաբ.
Relationship aui
9 (RLIN) 1402
942 ## - ADDED ENTRY ELEMENTS (KOHA)
Source of classification or shelving scheme Universal Decimal Classification
Koha item type Գրքեր / Books
Holdings
Withdrawn status Lost status Damaged status Not for loan Collection Home library Current library Date acquired Total checkouts Full call number Barcode Date last seen Price effective from Koha item type Public note
        General Fundamental Scientific Library Fundamental Scientific Library 22/12/2016   AII/29877 220029877 22/12/2016 22/12/2016 Գրքեր / Books 30 Days Loan
        General Fundamental Scientific Library Fundamental Scientific Library 22/12/2016   AII/29879 220029879 22/12/2016 22/12/2016 Գրքեր / Books 30 Days Loan
        General Fundamental Scientific Library Fundamental Scientific Library 22/12/2016   AII/29880 220029880 22/12/2016 22/12/2016 Գրքեր / Books 30 Days Loan
        General Fundamental Scientific Library Fundamental Scientific Library 22/12/2016   AII/29881 220029881 22/12/2016 22/12/2016 Գրքեր / Books 30 Days Loan
        Kusikian Individual Collection Fundamental Scientific Library Fundamental Scientific Library 02/04/2021   Կուս/2690 FL0638894 02/04/2021 02/04/2021 Գրքեր / Books ILL Non Circ


ՀՀ ԳԱԱ հիմնարար գիտական գրադարան
ՀՀ,Երևան 0019
Մարշալ Բաղրամյան 24/6
հեռախոս:(374-10) 52-47-50
Հետադարձ կապ

All site content, except where otherwise noted, is licensed under a
Creative Commons License